Dopad hospodárskej krízy na vybrané odvetvia SR bakalárska práca

Guardado en:
Detalles Bibliográficos
Autor principal: Šutorová, Júlia
Autor Corporativo: Podnikovohospodárska fakulta EU so sídlom v Košiciach. Katedra ekonómie
Otros Autores: Pétrová, Rozália
Formato: Libro
Lenguaje:eslovaco
Publicado: Košice 2014
Etiquetas: Agregar Etiqueta
Sin Etiquetas, Sea el primero en etiquetar este registro!

MARC

LEADER 00000nbm a2200000 4500
001 0189097
005 20240827092059.5
041 0 |a slo 
044 |a SK 
245 1 0 |a Dopad hospodárskej krízy na vybrané odvetvia SR  |b bakalárska práca  |c Júlia Šutorová ; školiteľ: Rozália Pétrová 
264 1 |a Košice  |c 2014 
300 |a 52 s. 
100 1 |a Šutorová, Júlia 
700 1 |a Pétrová, Rozália 
710 2 |a Podnikovohospodárska fakulta EU so sídlom v Košiciach. Katedra ekonómie